| 000 | 01310nam a22003017a 4500 | ||
|---|---|---|---|
| 005 | 20081128161935.0 | ||
| 008 | 081128t xxu||||| |||| 00| 0 hin d | ||
| 010 | _aHIN-85276 | ||
| 020 |
_a81857268009 _c250.00 |
||
| 035 | _aHN-57622 | ||
| 037 | _bDBAD/PUB | ||
| 040 |
_aDPL _bHN |
||
| 082 | _a954 | ||
| 100 | _aमुले, गुणाकर | ||
| 245 |
_aइतिहास, संस्कृति और सांप्रदायिकता / _cगुणकर मुले |
||
| 246 |
_aItihaasa, sanskriti aura samprdaayiktaa _bby Gunakar Muley |
||
| 260 |
_aदिल्ली _bयात्री प्रकाशन _c2008 |
||
| 270 |
_aबी-131, गली नं.2, सादतपुर, _bदिल्ली _e110 049 |
||
| 300 |
_a157पृ. _c22सेमी(सजिल्द) |
||
| 650 |
_aसाम्प्रदायिकता _zभारत |
||
| 650 |
_aCommunalism _zIndia |
||
| 651 |
_aभारत _xइतिहास |
||
| 651 |
_aIndia _xHIstory |
||
| 651 |
_aभारत _xसभ्यता |
||
| 651 |
_aIndia _xCivilization |
||
| 942 |
_2ddc _cHN _h954 _mमुलेगु |
||
| 999 |
_c19286 _d19286 |
||